Länder des Nahen Ostens zuordnen - Statistiken

Allgemein
  • Dieses Quiz wurde 91 mal gespielt
  • Das Durchschnittsergebnis liegt bei 19 aus 27
Antworten auf der Karte
Die Antworten werden auf der Karte rot bzw. grün angezeigt, abhängig davon wie oft sie richtig erraten wurden.
 
Antwortstatistiken
Antwort % Korrekt
Jemen
95%
Saudi-Arabien
92%
Oman
87%
Zypern
85%
Kasachstan
82%
Ägypten
79%
Türkei
79%
Vereinigte Arabische
Emirate
75%
Iran
74%
Israel
74%
Pakistan
74%
Irak
72%
Jordanien
72%
Syrien
72%
Afghanistan
69%
Libanon
69%
Georgien
66%
Kuwait
66%
Palästina
66%
Bahrain
64%
Kirgisistan
64%
Tadschikistan
62%
Usbekistan
59%
Armenien
57%
Katar
57%
Aserbaidschan
52%
Turkmenistan
51%
Keine übereinstimmenden Quizze gefunden
Verteilung der Resultate
Anzahl Personen mit jedem Resultat
Perzentil nach korrekt beantworteten Fragen
Ihre Resultats-Entwicklung
Sie haben dieses Quiz noch nicht gespielt